| 000 | 00434nam a2200145Ia 4500 | ||
|---|---|---|---|
| 008 | 140724s9999 xx 000 0 und d | ||
| 050 |
_aTX 911 _b.G725 2012 |
||
| 100 | _aGozo, Andreal. | ||
| 245 | 4 |
_aThe Southern Tree / _cAndreal Gozo. |
|
| 260 |
_aLas PiƱas, Philippines : _bSouthville International School and Colleges, _cc2012. |
||
| 300 |
_a26 p. : _bcol. ill. ; _c28 cm. |
||
| 521 | _aTourism | ||
| 942 | _cTH | ||
| 999 |
_c229198 _d229198 |
||